Lập trình mạng với Visual J++ 6.0.

সংরক্ষণ করুন:
গ্রন্থ-পঞ্জীর বিবরন
বিন্যাস: গ্রন্থ
প্রকাশিত: Giao thông vận tải 2000
ট্যাগগুলো: ট্যাগ যুক্ত করুন
কোনো ট্যাগ নেই, প্রথমজন হিসাবে ট্যাগ করুন!
Thư viện lưu trữ: Mạng thư viện Đại học Đà Nẵng
LEADER 00515nam a2200217 a 4500
001 000028893
003 882
005 20171030145630.0
008 171030s2000
020 |c 44000 
040 |a LTT 
082 0 |a 005.13  |b Lâ-T 
245 0 0 |a Lập trình mạng với Visual J++ 6.0. 
260 |b Giao thông vận tải  |c 2000 
OWN |a LTT 
999 |a From the UDN01 
TYP |a Monograph 
TYP |a Printed language 
980 |a Mạng thư viện Đại học Đà Nẵng